<?xml version="1.0" encoding="UTF-8"?>
<record
    xmlns:xsi="http://www.w3.org/2001/XMLSchema-instance"
    xsi:schemaLocation="http://www.loc.gov/MARC21/slim http://www.loc.gov/standards/marcxml/schema/MARC21slim.xsd"
    xmlns="http://www.loc.gov/MARC21/slim">

  <leader>01845naa a2200265 i 4500</leader>
  <controlfield tag="001">182</controlfield>
  <controlfield tag="003">KOSZ 005</controlfield>
  <controlfield tag="005">20180504113706.0</controlfield>
  <controlfield tag="008">151102s2001    pl a   f     |100 0 eng</controlfield>
  <datafield tag="040" ind1=" " ind2=" ">
    <subfield code="c">KOSZ 005</subfield>
    <subfield code="d">KOSZ 005/MD</subfield>
  </datafield>
  <datafield tag="041" ind1=" " ind2=" ">
    <subfield code="a">eng</subfield>
  </datafield>
  <datafield tag="044" ind1=" " ind2=" ">
    <subfield code="a">POL</subfield>
  </datafield>
  <datafield tag="100" ind1="1" ind2=" ">
    <subfield code="a">SUSZY&#x143;SKI, Zbigniew.</subfield>
    <subfield code="d">1996 - .</subfield>
    <subfield code="b">Politechnika Koszali&#x144;ska - Wydzia&#x142; Elektroniki,</subfield>
    <subfield code="c">Katedra Elektroniki Cia&#x142;a Sta&#x142;ego</subfield>
  </datafield>
  <datafield tag="245" ind1="1" ind2="0">
    <subfield code="a">Investigating quality of adhesion in thyristor structures by photoacoustic mathod /</subfield>
    <subfield code="c">Zbigniew Suszy&#x144;ski, Robert Arsoba, Piotr Majchrzak.</subfield>
  </datafield>
  <datafield tag="260" ind1=" " ind2=" ">
    <subfield code="c">2001.</subfield>
  </datafield>
  <datafield tag="500" ind1=" " ind2=" ">
    <subfield code="a">Dane z Informatora o publikowanych wynikach prac naukowo-badawczych w 2001 roku Wydzia&#x142;u Elektroniki.</subfield>
  </datafield>
  <datafield tag="520" ind1=" " ind2=" ">
    <subfield code="a">In this paper opportunities of adhesion assessment between silicon and molybdenum layers in power thyristors are presented. For the diagnostic of the structure, the photoacoustic method, witch is one of thermal methods was used. Amplitude and phase photoacoustic images show the same areas of delamination as the pictures from scanning acoustic microscope. In the contrary to the acoustic method, the photoacoustic one is non-contact and does not require the sample to be immersed in the coupling fluid.</subfield>
  </datafield>
  <datafield tag="650" ind1=" " ind2="0">
    <subfield code="a">Tyrystory.</subfield>
  </datafield>
  <datafield tag="655" ind1=" " ind2="0">
    <subfield code="a">Materia&#x142;y konferencyjne.</subfield>
  </datafield>
  <datafield tag="700" ind1="1" ind2=" ">
    <subfield code="a">ARSOBA, Robert.</subfield>
    <subfield code="d">1996 - .</subfield>
    <subfield code="b">Politechnika Koszali&#x144;ska - Wydzia&#x142; Elektroniki,</subfield>
    <subfield code="c">Katedra In&#x17C;ynierii Komputerowej</subfield>
  </datafield>
  <datafield tag="700" ind1="1" ind2=" ">
    <subfield code="a">MAJCHRZAK, Piotr.</subfield>
    <subfield code="d">1998 - .</subfield>
    <subfield code="b">Politechnika Koszali&#x144;ska - Wydzia&#x142; Elektroniki,</subfield>
    <subfield code="c">Katedra In&#x17C;ynierii Komputerowej</subfield>
  </datafield>
  <datafield tag="711" ind1=" " ind2=" ">
    <subfield code="a">International Conference IMAPS-Poland 2001</subfield>
    <subfield code="n">(25 ;</subfield>
    <subfield code="d">2001 ;</subfield>
    <subfield code="c">Rzesz&#xF3;w / Pola&#x144;czyk, Polska).</subfield>
  </datafield>
  <datafield tag="773" ind1="0" ind2=" ">
    <subfield code="i">W :</subfield>
    <subfield code="t">25 International Conference and Exhibition IMAPS&#x2013;Poland 2001 : Rzesz&#xF3;w&#x2013;Pola&#x144;czyk 26&#x2013;29 September 2001. -</subfield>
    <subfield code="d">Rzesz&#xF3;w, 2001.</subfield>
    <subfield code="g">s. 71-74</subfield>
  </datafield>
  <datafield tag="942" ind1=" " ind2=" ">
    <subfield code="c">ROZ</subfield>
    <subfield code="2">UKD</subfield>
  </datafield>
  <datafield tag="999" ind1=" " ind2=" ">
    <subfield code="c">182</subfield>
    <subfield code="d">182</subfield>
  </datafield>
</record>
